[Event "Calvia Autonomicas-chT"]
[Site "Calvia"]
[Date "2007.05.05"]
[Round "4"]
[White "Bellon Lopez, Juan Manuel"]
[Black "Rodriguez Guerrero, Enrique"]
[Result "1/2-1/2"]
[WhiteElo "2425"]
[BlackElo "2446"]
[PlyCount "77"]
[EventDate "2007.05.03"]
[EventType "team"]
[EventRounds "5"]
[EventCountry "ESP"]
[SourceTitle "CBM 118 Extra"]
[Source "ChessBase"]
[SourceDate "2007.07.04"]
[SourceVersion "1"]
[SourceVersionDate "2007.07.04"]
[SourceQuality "1"]

1. d4 d5 2. c4 c6 3. Nf3 Nf6 4. Nc3 e6 5. Bg5 Nbd7 6. cxd5 exd5 7. e3 Be7 8. Bd3 Ne4 9. Bxe7 Qxe7 10. Bxe4 dxe4 11. Nd2 Nf6 12. Qc2 Bf5 13. h3 h6 14. Rc1 0-0 15. Qa4 Rfd8 16. b4 Nd5 17. Nxd5 cxd5 18. Nf1 Rac8 19. Rb1 Bd7 20. Qa5 Be8 21. b5 Rc2 22. Ng3 b6 23. Qa4 Rdc8 24. 0-0 a5 25. Qb3 R8c4 26. a4 Qd6 27. Ra1 g6 28. Qa3 Qc7 29. Rab1 R2c3 30. Rb3 Rc2 31. Re1 Kg7 32. Rbb1 R4c3 33. Rb3 Rc4 34. Rbb1 R4c3 35. Rb3 h5 36. Rxc3 Rxc3 37. Qa2 h4 38. Ne2 Rc4 39. Qa3 1/2-1/2

[Event "Granada op"]
[Site "Granada"]
[Date "2006.12.10"]
[Round "9"]
[White "Kazakov, Mikhail"]
[Black "Rodriguez Guerrero, Enrique"]
[Result "0-1"]
[WhiteElo "2456"]
[BlackElo "2434"]
[PlyCount "52"]
[EventDate "2006.12.06"]
[EventType "swiss"]
[EventRounds "9"]
[EventCountry "ESP"]
[SourceTitle "CBM 115 Extra"]
[Source "ChessBase"]
[SourceDate "2007.01.10"]
[SourceVersion "1"]
[SourceVersionDate "2007.01.10"]
[SourceQuality "1"]

1. d4 Nf6 2. c4 c5 3. d5 b5 4. cxb5 a6 5. b6 e6 6. Nc3 Nxd5 7. Nxd5 exd5 8. Qxd5 Nc6 9. Nf3 Rb8 10. Ne5 Qf6 11. Nxc6 dxc6 12. Qe4+ Be7 13. Qf4 Rxb6 14. Qc7 Bd8 15. Qxc8 0-0 16. f3 Rxb2 17. Bxb2 Qxb2 18. Qxa6 Qxa1+ 19. Kf2 Bg5 20. g3 Qd4+ 21. Kg2 Be3 22. Qd3 Rd8 23. h4 c4 24. Qf5 c3 25. h5 Qd5 26. Qb1 Qd2 0-1